| 000 | 00373nam a2200169Ia 4500 | ||
|---|---|---|---|
| 999 |
_c10389 _d10389 |
||
| 003 | OSt | ||
| 005 | 20220315154215.0 | ||
| 008 | 220308s9999 xx 000 0 und d | ||
| 020 | _a9788957707746 | ||
| 082 | _a724.7 | ||
| 100 | _aArchiworld | ||
| 245 | 0 | _aArchitecture Compitition Annual Vol-12 | |
| 260 | _bArchiworld | ||
| 365 | _cUSD | ||
| 365 | _d78 | ||
| 942 | _2ddc | ||